Government construction cost benchmarks (Record no. 120952)

MARC details
000 -LEADER
fixed length control field 01267cai a22002055a 4500
001 - CONTROL NUMBER
control field L155061
008 - FIXED-LENGTH DATA ELEMENTS--GENERAL INFORMATION
fixed length control field 120223u2012 xxk g 000 0 eng d
035 ## - SYSTEM CONTROL NUMBER
System control number (Sirsi) u155061
041 0# - LANGUAGE CODE
Language code of text/sound track or separate title eng
110 2# - MAIN ENTRY--CORPORATE NAME
Corporate name or jurisdiction name as entry element United Kingdom
Subordinate unit Cabinet Office
9 (RLIN) 5270
245 00 - TITLE STATEMENT
Title Government construction cost benchmarks
Medium [electronic resource]
520 ## - SUMMARY, ETC.
Summary, etc. New data reveals that departments have already saved £188 million on construction in the past 18 months, and sets out how the Government will reduce these costs even further over the next three years. The data shows that the costs of building projects such as schools and hospitals are set to fall by 15-20%. The published data will provide a standard average cost for projects that the public sector will be able to use to negotiate better prices and challenge industry for the first time, challenging firms to "beat the benchmark". Data sets include health, roads, schools, prisons and flood defences.
590 ## - LOCAL NOTE (RLIN)
Local note KA NTK
651 #4 - SUBJECT ADDED ENTRY--GEOGRAPHIC NAME
Geographic name United Kingdom
Chronological subdivision
690 ## - LOCAL SUBJECT ADDED ENTRY--TOPICAL TERM (OCLC, RLIN)
Topical term or geographic name as entry element Construction management
9 (RLIN) 6230
690 ## - LOCAL SUBJECT ADDED ENTRY--TOPICAL TERM (OCLC, RLIN)
Topical term or geographic name as entry element Cost management
9 (RLIN) 6233
690 ## - LOCAL SUBJECT ADDED ENTRY--TOPICAL TERM (OCLC, RLIN)
Topical term or geographic name as entry element Procurement-old
856 40 - ELECTRONIC LOCATION AND ACCESS
Uniform Resource Identifier <a href="https://www.gov.uk/government/publications/construction-cost-benchmark-data">https://www.gov.uk/government/publications/construction-cost-benchmark-data</a>
Public note View the downloads free of charge at www.gov.uk
942 ## - ADDED ENTRY ELEMENTS (KOHA)
Suppress in OPAC 0
Holdings
Withdrawn status Lost status Source of classification or shelving scheme Damaged status Not for loan Home library Current library Shelving location Date acquired Total Checkouts Full call number Barcode Date last seen Copy number Price effective from Koha item type
    Dewey Decimal Classification     Virtual Virtual Online 23/02/2012   WEBSITE 155061-2001 06/08/2019 1 06/08/2019 Online material